000
00238nam a22001097a 4500
008
140204t xxu||||| |||| 00| 0 eng d
020
_a
81-7141-730-2
100
_a
Ashok Kumar
_9
639
245
_a
Aviculture
300
_a
313
942
_2
ddc
_c
BK
999
_c
16901
_d
16901